Biogeochemistry of marine dissolved organic matter
Đã lưu trong:
| 主要作者: | |
|---|---|
| 格式: | 圖書 |
| 語言: | Undetermined |
| 出版: |
Boston
Academic Press
2002
|
| 標簽: |
添加標簽
沒有標簽, 成為第一個標記此記錄!
|
| Thư viện lưu trữ: | Trung tâm Học liệu Trường Đại học Cần Thơ |
|---|
| LEADER | 00428nam a2200157Ia 4500 | ||
|---|---|---|---|
| 001 | CTU_65939 | ||
| 008 | 210402s9999 xx 000 0 und d | ||
| 020 | |b 1439000 | ||
| 082 | |a 551.46 | ||
| 082 | |b H249 | ||
| 100 | |a Dennis A. Hansell | ||
| 245 | 0 | |a Biogeochemistry of marine dissolved organic matter | |
| 260 | |a Boston | ||
| 260 | |b Academic Press | ||
| 260 | |c 2002 | ||
| 980 | |a Trung tâm Học liệu Trường Đại học Cần Thơ | ||